• AIU
  • Tony Wilmot Memorial Library

One man, one wife. (Record no. 42658)

MARC details
000 -LEADER
fixed length control field 00635nam a22002171a 4500
001 - CONTROL NUMBER
control field 8428849
005 - DATE AND TIME OF LATEST TRANSACTION
control field 20140128020003.0
008 - FIXED-LENGTH DATA ELEMENTS--GENERAL INFORMATION
fixed length control field 770707s1959 xx 000 0 eng
010 ## - LIBRARY OF CONGRESS CONTROL NUMBER
LC control number 60043827
-- 60043827
035 ## - SYSTEM CONTROL NUMBER
System control number (OCoLC)3097766
040 ## - CATALOGING SOURCE
Original cataloging agency DLC
Transcribing agency MeU-P
Modifying agency MeU-P
-- OCoLC
-- DLC
050 00 - LIBRARY OF CONGRESS CALL NUMBER
Classification number PZ4.A468
Item number On
100 1# - MAIN ENTRY--PERSONAL NAME
Personal name Aluko, T M,
Dates associated with a name 1918-
245 10 - TITLE STATEMENT
Title One man, one wife.
260 ## - PUBLICATION, DISTRIBUTION, ETC. (IMPRINT)
Place of publication, distribution, etc Lagos :
Name of publisher, distributor, etc Nigerian Print. & Pub. C,
Date of publication, distribution, etc [1959]
300 ## - PHYSICAL DESCRIPTION
Extent 200 p. 19 cm.
906 ## - LOCAL DATA ELEMENT F, LDF (RLIN)
a 7
b cbc
c oclcrpl
d u
e ncip
f 19
g y-gencatlg
985 ## -
-- OCLC REPLACEMENT
991 ## -
-- c-GenColl
-- PZ4.A468
-- On
-- 00022754385
-- Copy 1
-- OCLCREP
942 00 - ADDED ENTRY ELEMENTS (KOHA)
Koha issues (borrowed), all copies 1
Holdings
Withdrawn status Lost status Source of classification or shelving scheme Damaged status Not for loan Collection code Home library Current library Shelving location Date acquired Source of acquisition Cost, normal purchase price Total Checkouts Full call number Barcode Date last seen Date checked out Copy number Price effective from Koha item type
    Library of Congress Classification     Fiction AIU/NEGST - Tony Wilmot Memorial Library AIU/NEGST - Tony Wilmot Memorial Library Fiction 01/22/2010 Donation 8.90 3 FIC PZ 4.A468 1967 R17619L3232 09/29/2019 01/22/2018 1 01/22/2010 Books